=LDR 00000nam 2200000 4500 =001 NUTBA000000000002251 =005 20140610105329.0 =006 =007 =008 =020 ##$$a 978-979-29-0983-8 =035 ##$$a 0010-061400000000194 =040 ##$$a NBPDMAT =082 ##$$a 650.1 =090 ##$$a 650.1 $b Suy s =100 ##$$a M.Suyanto =245 ##$$a Small is powerful / $c M.Suyanto; editor, C.Widya Hermawan =260 ##$$a Jogjakarta : $b Andi, $c 2009 =300 ##$$a xiv, 140 hlm. : $b ilus. ; $c 20 cm. =650 ##$$a Sukses Dalam Bisnis =700 ##$$a C.Widya Hermawan =850 ##$$a NBPDMAT =990 ##$$a 21401242